=LDR 00000nam 2200000 4500 =001 INLIS000000000047774 =005 20160216102119.0 =006 =007 =008 =035 ##$$0010-021600000000162 =040 ##$$a NPBDMAT =082 ##$$a R. 352.72 =090 ##$$a R. 352.72 $b Not n =245 ##$$a Nota Keuangan dan Rancangan Anggaran dan Pendapatan dan Belanja Negara Tahun Anggaran 2009 =260 ##$$a Jakarta : $b Departemen Keuangan Rebublik Indonesia, $c 2009 =300 ##$$a 418 $c 30 cm =650 ##$$a Anggaran Pendapatan dan Belanja Negara =700 ##$$a Departemen Keuangan Republik Indonesia